[Event "Wiesbaden op 28th"]
[Site "Wiesbaden"]
[Date "2016.08.28"]
[Round "6"]
[White "Fischer, Ulrich"]
[Black "Karsay, Pascal"]
[Result "1-0"]
[WhiteElo "1819"]
[BlackElo "2047"]
[PlyCount "63"]
[EventDate "2016.08.25"]
[EventType "swiss"]
[EventRounds "7"]
[EventCountry "GER"]
[SourceTitle "CBM 174 Extra"]
[Source "ChessBase"]
[SourceDate "2016.10.10"]
[SourceVersion "1"]
[SourceVersionDate "2016.10.10"]
[SourceQuality "1"]

1. d4 Nf6 2. c4 g6 3. f3 Bg7 4. e4 0-0 5. Nc3 Nc6 6. Nge2 e5 7. Be3 d6 8. d5 Ne7 9. Qd2 Nd7 10. g4 f5 11. gxf5 gxf5 12. 0-0-0 f4 13. Bf2 a5 14. Kb1 Bf6 15. Nc1 Ng6 16. Nd3 b6 17. Bh3 Ba6 18. Nb5 Bh4 19. Bxh4 Nxh4 20. Be6+ Kh8 21. Qf2 Bxb5 22. cxb5 Nc5 23. Nxc5 dxc5 24. Rdg1 Ng6 25. h4 Qf6 26. h5 Ne7 27. Qh2 c6 28. bxc6 Nxc6 29. Rg6 Qe7 30. dxc6 hxg6 31. hxg6+ Kg7 32. Qh6+ 1-0

[Event "Wiesbaden op 28th"]
[Site "Wiesbaden"]
[Date "2016.08.27"]
[Round "4"]
[White "Fischer, Ulrich"]
[Black "Gilg, Alfred"]
[Result "1-0"]
[WhiteElo "1819"]
[BlackElo "1695"]
[PlyCount "55"]
[EventDate "2016.08.25"]
[EventType "swiss"]
[EventRounds "7"]
[EventCountry "GER"]
[SourceTitle "CBM 174 Extra"]
[Source "ChessBase"]
[SourceDate "2016.10.10"]
[SourceVersion "1"]
[SourceVersionDate "2016.10.10"]
[SourceQuality "1"]

1. d4 Nf6 2. c4 e6 3. Nc3 d5 4. Nf3 c6 5. e3 Nbd7 6. Qc2 b6 7. Bd3 Be7 8. g4 Bb7 9. g5 dxc4 10. gxf6 cxd3 11. fxe7 Qxe7 12. Qxd3 c5 13. d5 Rd8 14. d6 Qf6 15. e4 h6 16. Bd2 c4 17. Qe2 Nc5 18. 0-0-0 Nd3+ 19. Kb1 b5 20. Be3 b4 21. Bd4 e5 22. Nd5 Bxd5 23. exd5 0-0 24. Rxd3 cxd3 25. Qxe5 Rxd6 26. Qxf6 gxf6 27. Rg1+ Kh7 28. Bc5 1-0

[Event "Frankfurt-chA"]
[Site "Frankfurt"]
[Date "2015.06.15"]
[Round "7"]
[White "Kuhn, Gerhard"]
[Black "Fischer, Ulrich"]
[Result "1/2-1/2"]
[WhiteElo "1912"]
[BlackElo "1740"]
[PlyCount "85"]
[EventDate "2015.04.27"]
[EventType "swiss"]
[EventRounds "7"]
[EventCountry "GER"]
[SourceTitle "EXT 2016"]
[Source "ChessBase"]
[SourceDate "2015.10.08"]
[SourceVersion "1"]
[SourceVersionDate "2015.10.08"]
[SourceQuality "1"]

1. e4 e5 2. Nf3 Nc6 3. Nc3 Nf6 4. d4 exd4 5. Nd5 Nb4 6. Nxd4 Nbxd5 7. exd5 Bc5 8. Nb3 Qe7+ 9. Be2 Bb6 10. d6 Qxd6 11. Qxd6 cxd6 12. 0-0 0-0 13. Bf3 d5 14. Bf4 d6 15. Bxd6 Re8 16. Rfe1 Bf5 17. c3 Be4 18. Be2 Rac8 19. Bg3 a5 20. Bb5 Re6 21. Nd4 Bxd4 22. cxd4 h6 23. Rac1 Rxc1 24. Rxc1 Bf5 25. Be5 Rb6 26. a4 Bd7 27. Bc7 Re6 28. Bd3 Bxa4 29. Bxa5 Rc6 30. Ra1 Bc2 31. Bb5 Rc8 32. Rc1 Bf5 33. Rxc8+ Bxc8 34. f3 Bd7 35. Bd3 Kf8 36. Bb4+ Ke8 37. Kf2 Ba4 38. g4 Nd7 39. h4 Nb6 40. Be1 Nc4 41. b4 Ke7 42. Ke2 Bb5 43. Bxc4 1/2-1/2

[Event "Rhein Main op-A 17th"]
[Site "Bad Homburg"]
[Date "2014.06.18"]
[Round "1"]
[White "Kolker, Vladislav"]
[Black "Fischer, Ulrich"]
[Result "1-0"]
[WhiteElo "2034"]
[BlackElo "1776"]
[PlyCount "87"]
[EventDate "2014.06.18"]
[EventType "swiss"]
[EventRounds "7"]
[EventCountry "GER"]
[SourceTitle "CBM 161 Extra"]
[Source "ChessBase"]
[SourceDate "2014.08.29"]
[SourceVersion "1"]
[SourceVersionDate "2014.08.29"]
[SourceQuality "1"]

1. e4 e5 2. d4 exd4 3. Nf3 Nc6 4. Bc4 Nf6 5. e5 d5 6. Bb5 Ne4 7. Nxd4 Bc5 8. Be3 Bd7 9. Bxc6 bxc6 10. f3 Bxd4 11. Qxd4 Ng5 12. f4 Ne6 13. Qd2 Qh4+ 14. g3 Qe7 15. 0-0 Nc5 16. Nc3 Bf5 17. Nxd5 Qd7 18. Nxc7+ Qxc7 19. Bxc5 h5 20. Rae1 Rh6 21. Rf2 Rg6 22. Qe3 h4 23. Rd2 hxg3 24. hxg3 Qb7 25. b3 a6 26. Rd6 Re6 27. Re2 Rd8 28. Rxd8+ Kxd8 29. Rd2+ Kc8 30. Qd4 Re8 31. a4 Be6 32. b4 Rh8 33. c4 Re8 34. Kf2 Qc7 35. Bd6 Qb7 36. Ke3 Rh8 37. b5 Rh3 38. Bc5 Rh8 39. b6 Kb8 40. Bd6+ Ka8 41. Bc7 c5 42. Qxc5 Rh3 43. Qf8+ Bc8 44. Qxg7 1-0

[Event "Karl Mala Memorial op 14th"]
[Site "Frankfurt"]
[Date "2011.07.08"]
[Round "2"]
[White "Fischer, Ulrich"]
[Black "Konik, Michael"]
[Result "0-1"]
[WhiteElo "1727"]
[BlackElo "2087"]
[PlyCount "80"]
[EventDate "2011.07.07"]
[EventType "swiss"]
[EventRounds "7"]
[EventCountry "GER"]
[SourceTitle "EXT 2012"]
[Source "ChessBase"]
[SourceDate "2011.11.24"]
[SourceVersion "1"]
[SourceVersionDate "2011.11.24"]
[SourceQuality "1"]

1. e4 d5 2. exd5 Qxd5 3. Nc3 Qd6 4. d4 Nf6 5. Nf3 g6 6. g3 Bg7 7. Bf4 Qb6 8. Qd2 0-0 9. Bg2 c6 10. 0-0 Bf5 11. Na4 Qd8 12. Nc5 Ne4 13. Nxe4 Bxe4 14. Rfe1 Bd5 15. Rad1 Re8 16. b3 Nd7 17. c4 Bxf3 18. Bxf3 e6 19. d5 cxd5 20. cxd5 exd5 21. Rxe8+ Qxe8 22. Qxd5 Ne5 23. Bxe5 Qxe5 24. Qxb7 Re8 25. Qxa7 Qf5 26. Kg2 h5 27. Rd7 h4 28. gxh4 Be5 29. Qb7 Qf4 30. Re7 Qxh2+ 31. Kf1 Qh3+ 32. Ke2 Rxe7 33. Qxe7 Qf5 34. Qd8+ Kg7 35. Qd3 Qe6 36. Kd2 Qb6 37. Qe2 Qd4+ 38. Kc2 Qb2+ 39. Kd3 Qc3+ 40. Ke4 Qd4# 0-1

[Event "Frankfurt-ch"]
[Site "Frankfurt"]
[Date "2009.05.11"]
[Round "3"]
[White "Kulenovic, Adnan"]
[Black "Fischer, Ulrich"]
[Result "0-1"]
[WhiteElo "1854"]
[BlackElo "1672"]
[PlyCount "86"]
[EventDate "2009.04.27"]
[EventType "tourn"]
[EventRounds "7"]
[EventCountry "GER"]
[SourceTitle "EXT 2010"]
[Source "ChessBase"]
[SourceDate "2010.11.25"]
[SourceVersion "1"]
[SourceVersionDate "2010.11.25"]
[SourceQuality "1"]

1. d4 d5 2. e4 dxe4 3. Nc3 Nf6 4. f3 c6 5. Be3 exf3 6. Qxf3 Bg4 7. Qf2 e6 8. Bd3 Bd6 9. Nf3 Nbd7 10. Nd2 Qc7 11. Nde4 Be7 12. 0-0 0-0 13. Rae1 Rac8 14. Bf4 Qb6 15. Nd6 Ra8 16. Nc4 Qd8 17. Qh4 Bf5 18. Bxf5 exf5 19. Qh3 Nd5 20. Qxf5 Nxf4 21. Rxf4 Nb6 22. Ne5 Bf6 23. Nf3 Qd7 24. Qxd7 Nxd7 25. Ne4 Rfe8 26. Nxf6+ Nxf6 27. Kf2 Rxe1 28. Kxe1 Re8+ 29. Kd2 Nd5 30. Rf5 Ne3 31. Rh5 Nxg2 32. Ra5 a6 33. Ne5 Nf4 34. Ra3 f6 35. Nd7 Re2+ 36. Kd1 Rxh2 37. Nc5 h5 38. Nxb7 h4 39. Rf3 g5 40. Nc5 h3 41. Ne4 Rh1+ 42. Kd2 h2 43. Rf2 Rd1+ 0-1

[Event "Main Vogelsberg op 4th"]
[Site "Heusenstamm"]
[Date "2009.05.02"]
[Round "4"]
[White "Fischer, Ulrich"]
[Black "Fels, Georg"]
[Result "1-0"]
[WhiteElo "1672"]
[BlackElo "1143"]
[PlyCount "121"]
[EventDate "2009.04.30"]
[EventType "swiss"]
[EventRounds "7"]
[EventCountry "GER"]
[SourceTitle "CBM 130 Extra"]
[Source "ChessBase"]
[SourceDate "2009.07.02"]
[SourceVersion "2"]
[SourceVersionDate "2009.07.15"]
[SourceQuality "1"]

1. e4 e5 2. Nf3 Nc6 3. d4 d6 4. Bb5 Be7 5. dxe5 Bg4 6. exd6 Bxf3 7. Qxf3 Qxd6 8. Nc3 Bf6 9. 0-0 0-0-0 10. Rd1 Qc5 11. Rxd8+ Nxd8 12. Qd3 Bd4 13. Na4 Bxf2+ 14. Kf1 Qd4 15. c3 Qxd3+ 16. Bxd3 Bb6 17. Nxb6+ axb6 18. Bf4 Nf6 19. Re1 Ne6 20. g3 Rd8 21. Bc4 Nxf4 22. gxf4 Rd2 23. Re2 Rxe2 24. Kxe2 Nxe4 25. Bxf7 Nd6 26. Bg8 h6 27. Ke3 Kd8 28. Kd4 Ke7 29. Ke5 Nf7+ 30. Bxf7 Kxf7 31. Kf5 g6+ 32. Ke5 Ke7 33. c4 Kf7 34. b4 Ke7 35. a4 Kf7 36. c5 bxc5 37. bxc5 Ke7 38. a5 c6 39. h3 g5 40. fxg5 hxg5 41. Kf5 g4 42. hxg4 Kf7 43. Ke5 Kg6 44. Kd6 Kg5 45. Kc7 b5 46. axb6 Kxg4 47. b7 Kf5 48. b8Q Ke5 49. Kxc6+ Kd4 50. Qd6+ Kc4 51. Kd7 Kb5 52. c6 Kb6 53. Qb8+ Kc5 54. c7 Kd5 55. c8R Kd4 56. Qb5 Ke3 57. Rc3+ Ke4 58. Rc4+ Ke3 59. Qb3+ Ke2 60. Rc2+ Ke1 61. Qb1# 1-0

[Event "Main Vogelsberg op 4th"]
[Site "Heusenstamm"]
[Date "2009.05.01"]
[Round "3"]
[White "Rahimi, Safihalla"]
[Black "Fischer, Ulrich"]
[Result "1-0"]
[WhiteElo "2104"]
[BlackElo "1672"]
[PlyCount "103"]
[EventDate "2009.04.30"]
[EventType "swiss"]
[EventRounds "7"]
[EventCountry "GER"]
[SourceTitle "CBM 130 Extra"]
[Source "ChessBase"]
[SourceDate "2009.07.02"]
[SourceVersion "2"]
[SourceVersionDate "2009.07.15"]
[SourceQuality "1"]

1. e4 e5 2. Nf3 Nc6 3. Bb5 a6 4. Ba4 Nf6 5. 0-0 Nxe4 6. d4 b5 7. Bb3 d5 8. dxe5 Be6 9. c3 Bc5 10. Nbd2 0-0 11. Bc2 Nxf2 12. Rxf2 f6 13. exf6 Bxf2+ 14. Kxf2 Qxf6 15. Kg1 Rae8 16. Nb3 Ne5 17. Be3 Nxf3+ 18. Qxf3 Qxf3 19. gxf3 Rxf3 20. Bc5 Bh3 21. Nd4 Rf4 22. Kh1 Bf1 23. Kg1 Re5 24. Nf5 Bh3 25. Ng3 h5 26. Bd4 Re7 27. Nxh5 Rg4+ 28. Ng3 Rg5 29. b4 Re2 30. Rc1 Re6 31. a4 c6 32. axb5 axb5 33. Ra1 Kf7 34. Ra7+ Re7 35. Rxe7+ Kxe7 36. Kf2 g6 37. Be3 Re5 38. Bxg6 Re6 39. Bh5 Rf6+ 40. Bf3 Rf7 41. Nh5 Bg4 42. Nf4 Bxf3 43. Kxf3 Kf6 44. h4 Kg7 45. Kg4 Re7 46. Bd4+ Kf7 47. h5 Re1 48. Kf5 Rh1 49. Kg5 Rh2 50. h6 Rh1 51. Nh5 Rh2 52. h7 1-0

[Event "Frankfurt-ch"]
[Site "Frankfurt"]
[Date "2009.04.27"]
[Round "1"]
[White "Koch, Markus"]
[Black "Fischer, Ulrich"]
[Result "1-0"]
[WhiteElo "2008"]
[BlackElo "1672"]
[PlyCount "89"]
[EventDate "2009.04.27"]
[EventType "tourn"]
[EventRounds "7"]
[EventCountry "GER"]
[SourceTitle "EXT 2010"]
[Source "ChessBase"]
[SourceDate "2010.11.25"]
[SourceVersion "1"]
[SourceVersionDate "2010.11.25"]
[SourceQuality "1"]

1. Nf3 d5 2. c4 e6 3. g3 Nf6 4. Bg2 Be7 5. 0-0 0-0 6. d4 c5 7. cxd5 exd5 8. Nc3 Nc6 9. Bg5 cxd4 10. Nxd4 h6 11. Bf4 Bg4 12. h3 Be6 13. Rc1 Qd7 14. Kh2 Rfe8 15. e4 Rad8 16. e5 Nh7 17. Re1 Nxd4 18. Qxd4 b6 19. b4 f6 20. g4 fxe5 21. Bxe5 Bf6 22. f4 Bxe5 23. Rxe5 Nf6 24. Kh1 Rc8 25. Rd1 Rc4 26. Qd2 d4 27. Ne4 Rd8 28. Nxf6+ gxf6 29. Rh5 d3 30. Qe3 Bf7 31. Rxh6 Bd5 32. Rxd3 Bxg2+ 33. Kh2 Bd5 34. Rxf6 Re8 35. Qf2 Rc1 36. Rf5 Rh1+ 37. Kg3 Ree1 38. Rg5+ Kf8 39. Rdxd5 Rhg1+ 40. Kh4 Qe7 41. Qd4 Qh7+ 42. Rh5 Qe7+ 43. Rdg5 Rxg4+ 44. Kxg4 Qe6+ 45. Rf5+ 1-0

[Event "Karl Mala Memorial op 11th"]
[Site "Frankfurt"]
[Date "2008.06.29"]
[Round "6"]
[White "Spinnler, Wolfgang"]
[Black "Fischer, Ulrich"]
[Result "1/2-1/2"]
[WhiteElo "1788"]
[BlackElo "1547"]
[PlyCount "35"]
[EventDate "2008.06.26"]
[EventType "swiss"]
[EventRounds "7"]
[EventCountry "GER"]
[SourceTitle "CBM 125 Extra"]
[Source "ChessBase"]
[SourceDate "2008.09.01"]
[SourceVersion "1"]
[SourceVersionDate "2008.09.01"]
[SourceQuality "1"]

1. d4 d5 2. c4 e6 3. Nf3 c5 4. e3 Nc6 5. cxd5 exd5 6. a3 a6 7. Be2 Nf6 8. Nc3 Bd6 9. dxc5 Bxc5 10. b4 Ba7 11. 0-0 0-0 12. Bb2 Bf5 13. Kh1 d4 14. exd4 Nxd4 15. Nxd4 Qxd4 16. Qxd4 Bxd4 17. Rad1 Rad8 18. Ba1 1/2-1/2

[Event "Karl Mala Memorial op 11th"]
[Site "Frankfurt"]
[Date "2008.06.27"]
[Round "2"]
[White "Gries, Volker"]
[Black "Fischer, Ulrich"]
[Result "1-0"]
[WhiteElo "2147"]
[BlackElo "1547"]
[PlyCount "101"]
[EventDate "2008.06.26"]
[EventType "swiss"]
[EventRounds "7"]
[EventCountry "GER"]
[SourceTitle "CBM 125 Extra"]
[Source "ChessBase"]
[SourceDate "2008.09.01"]
[SourceVersion "1"]
[SourceVersionDate "2008.09.01"]
[SourceQuality "1"]

1. e4 e5 2. Nf3 Nc6 3. Bb5 a6 4. Bxc6 dxc6 5. 0-0 Bg4 6. h3 h5 7. d3 Qf6 8. Be3 Bxf3 9. Qxf3 Qxf3 10. gxf3 Bd6 11. Nd2 Ne7 12. Kh1 f6 13. Rg1 Kf7 14. Nc4 g5 15. Kg2 Ng6 16. Kf1 Rhe8 17. Rd1 c5 18. c3 Red8 19. Nxd6+ cxd6 20. d4 cxd4 21. cxd4 Ke8 22. Ke2 Rac8 23. Rd2 h4 24. Rgd1 Ke7 25. a3 Ke8 26. a4 Ke7 27. a5 Ke8 28. b3 Ke7 29. Rb2 Rd7 30. b4 Rdc7 31. d5 Rc2+ 32. Rd2 Rxd2+ 33. Kxd2 Nf4 34. Bxf4 gxf4 35. b5 axb5 36. Rxb5 Rc7 37. Kd3 Kd7 38. Rb6 Ke7 39. Rb1 Ke8 40. Kd2 Kf8 41. Rg1 Rg7 42. Rxg7 Kxg7 43. Kc3 Kf7 44. Kb4 Ke7 45. Kb5 Kd7 46. Kb6 Kc8 47. a6 bxa6 48. Kxa6 Kc7 49. Ka7 Kd8 50. Kb6 Kd7 51. Kb7 1-0

[Event "Frankfurt-ch"]
[Site "Frankfurt"]
[Date "2008.05.26"]
[Round "4"]
[White "Haftmann, Rainer"]
[Black "Fischer, Ulrich"]
[Result "0-1"]
[WhiteElo "1859"]
[BlackElo "1256"]
[PlyCount "58"]
[EventDate "2008.04.28"]
[EventType "swiss"]
[EventRounds "7"]
[EventCountry "GER"]
[SourceTitle "EXT 2009"]
[Source "ChessBase"]
[SourceDate "2008.11.26"]
[SourceVersion "1"]
[SourceVersionDate "2008.11.26"]
[SourceQuality "1"]

1. e4 e5 2. Nf3 Nc6 3. Bb5 a6 4. Ba4 Nf6 5. 0-0 Nxe4 6. d4 b5 7. Bb3 d5 8. dxe5 Be6 9. c3 Bc5 10. Nbd2 0-0 11. Nxe4 dxe4 12. Bxe6 fxe6 13. Qb3 exf3 14. Qxe6+ Kh8 15. Qxc6 fxg2 16. Qxg2 Rxf2 17. Rxf2 Qd1+ 18. Qf1 Bxf2+ 19. Kg2 Qd5+ 20. Kxf2 Rf8+ 21. Kg1 Rxf1+ 22. Kxf1 Qh1+ 23. Ke2 Qxh2+ 24. Kd3 Qg1 25. Ke4 Kg8 26. e6 h5 27. b3 h4 28. a4 h3 29. axb5 h2 0-1